The great real estate escape (Record no. 63418)

MARC details
000 -LEADER
fixed length control field 00784cam a2200241 4500
001 - CONTROL NUMBER
control field ABS62246
008 - FIXED-LENGTH DATA ELEMENTS--GENERAL INFORMATION
fixed length control field 000000n2000 000 0 eng u
035 ## - SYSTEM CONTROL NUMBER
System control number (Sirsi) u105909
100 ## - MAIN ENTRY--PERSONAL NAME
Personal name Davey, J.
245 #4 - TITLE STATEMENT
Title The great real estate escape
260 ## - PUBLICATION, DISTRIBUTION, ETC.
Date of publication, distribution, etc. 2000
490 ## - SERIES STATEMENT
Series statement Property Week
Volume/sequential designation 65(17) 28 April 2000, 36-38(3)
520 ## - SUMMARY, ETC.
Summary, etc. Reports in the growing trend for companies to hand over the reins of property ownership to private sector partners, thereby releasing cash for their core business.
590 ## - LOCAL NOTE (RLIN)
Local note ABS
650 ## - SUBJECT ADDED ENTRY--TOPICAL TERM
Topical term or geographic name entry element ABBEY NATIONAL
650 ## - SUBJECT ADDED ENTRY--TOPICAL TERM
Topical term or geographic name entry element BBC
650 ## - SUBJECT ADDED ENTRY--TOPICAL TERM
Topical term or geographic name entry element PROPERTY ASSETS
650 ## - SUBJECT ADDED ENTRY--TOPICAL TERM
Topical term or geographic name entry element INVESTMENT STRATEGY
650 ## - SUBJECT ADDED ENTRY--TOPICAL TERM
Topical term or geographic name entry element PROPERTY-COMMERCIAL PROPERTY
690 ## - LOCAL SUBJECT ADDED ENTRY--TOPICAL TERM (OCLC, RLIN)
Topical term or geographic name as entry element PROPERTY MANAGEMENT-CORPORATE REAL ESTATE
700 ## - ADDED ENTRY--PERSONAL NAME
Personal name Nelson, R.B.
942 ## - ADDED ENTRY ELEMENTS (KOHA)
Suppress in OPAC 0
Holdings
Withdrawn status Lost status Source of classification or shelving scheme Damaged status Not for loan Home library Current library Shelving location Date acquired Total Checkouts Full call number Barcode Date last seen Copy number Price effective from Koha item type
    Dewey Decimal Classification     London London Journal article 09/05/2000   ABS62246 105909-1001 06/08/2019 1 06/08/2019 Journal article